[Event "IECC CL6-2019.01 email"]
[Site "IECC email"]
[Date "2019.06.10"]
[Round "?"]
[White "Gamba, Juan Manuel"]
[Black "Iqbal, Arif"]
[Result "1-0"]
[WhiteElo "1183"]
[BlackElo "1283"]
[PlyCount "35"]
[EventDate "2019.??.??"]
[EventType "tourn (corr)"]
[EventRounds "4"]
[SourceTitle "Corr 2024"]
[Source "ChessBase"]
[SourceDate "2023.10.19"]
[SourceVersion "1"]
[SourceVersionDate "2023.10.19"]
[SourceQuality "1"]
[WhiteTeam "Argentinien"]
[BlackTeam "Indien"]
[WhiteTeamCountry "ARG"]
[BlackTeamCountry "IND"]

1. d4 d5 2. c4 e6 3. Nc3 Bb4 4. a3 Bxc3+ 5. bxc3 c6 6. e3 Nf6 7. Bd3 Nbd7 8. Ne2 0-0 9. 0-0 Nb6 10. cxd5 cxd5 11. Ng3 g6 12. f3 Qc7 13. Qc2 Kg7 14. e4 dxe4 15. fxe4 e5 16. Qd2 Ng8 17. h4 exd4 18. cxd4 1-0

[Event "IECC CL6-2019.01 email"]
[Site "IECC email"]
[Date "2019.06.10"]
[Round "?"]
[White "Iqbal, Arif"]
[Black "Montoya, Jorge"]
[Result "0-1"]
[WhiteElo "1299"]
[BlackElo "1301"]
[PlyCount "80"]
[EventDate "2019.??.??"]
[EventType "tourn (corr)"]
[EventRounds "4"]
[SourceTitle "Corr 2024"]
[Source "ChessBase"]
[SourceDate "2023.10.19"]
[SourceVersion "1"]
[SourceVersionDate "2023.10.19"]
[SourceQuality "1"]
[WhiteTeam "Indien"]
[BlackTeam "Kolumbien"]
[WhiteTeamCountry "IND"]
[BlackTeamCountry "COL"]

1. e4 e6 2. c4 c5 3. d3 Nc6 4. Nc3 Nf6 5. Bg5 Be7 6. Nf3 d6 7. Be2 0-0 8. 0-0 h6 9. Bxf6 Bxf6 10. Rc1 a6 11. b3 b5 12. Qd2 Qb6 13. Qf4 Nd4 14. Nxd4 cxd4 15. Nb1 Bg5 16. Qf3 Bxc1 17. Rxc1 Bb7 18. Nd2 Rac8 19. h3 d5 20. exd5 exd5 21. Qg3 Qa5 22. Rc2 Rce8 23. Bf1 dxc4 24. dxc4 Re1 25. Qd3 b4 26. Nf3 Be4 27. Nxe1 Bxd3 28. Nxd3 Qh5 29. c5 Qd1 30. Rc4 a5 31. c6 Rc8 32. c7 Qd2 33. Nc1 Qg5 34. Nd3 Qf6 35. Rc2 Qd6 36. Rc5 Qb6 37. Rd5 Rxc7 38. Rd8+ Kh7 39. Re8 Rc2 40. Re2 Rxe2 0-1

[Event "IECG CE.2004.0.00076 email"]
[Site "IECG email"]
[Date "2004.08.24"]
[Round "?"]
[White "Iqbal, Arif"]
[Black "Noble, Walden"]
[Result "0-1"]
[WhiteElo "1300"]
[BlackElo "1250"]
[PlyCount "44"]
[EventDate "2004.08.24"]
[EventType "tourn (corr)"]
[EventRounds "6"]
[SourceTitle "Corr 2008"]
[Source "ChessBase"]
[SourceDate "2008.06.24"]
[SourceVersion "1"]
[SourceVersionDate "2008.06.24"]
[SourceQuality "1"]

1. d4 Nf6 2. c4 e6 3. Nc3 Bb4 4. Nf3 c5 5. d5 d6 6. a3 Bxc3+ 7. bxc3 e5 8. Qa4+ Nbd7 9. Qc2 e4 10. Nh4 Nb6 11. e3 g5 12. a4 gxh4 13. a5 Nbd7 14. Be2 Rg8 15. Qa4 Rxg2 16. f3 h3 17. Bd2 Kf8 18. fxe4 Nxe4 19. Bf3 Qh4+ 20. Kd1 Rxd2+ 21. Kc1 Ne5 22. Bxe4 Qxe4 0-1

[Event "IECG QE.2003.0.00048"]
[Site "IECG email"]
[Date "2003.06.03"]
[Round "2"]
[White "Iqbal, Arif"]
[Black "Jordaan, Wayne"]
[Result "0-1"]
[WhiteElo "1300"]
[BlackElo "1253"]
[PlyCount "44"]
[EventDate "2003.06.03"]
[EventType "tourn (corr)"]
[EventRounds "6"]
[SourceTitle "Corr 2008"]
[Source "ChessBase"]
[SourceDate "2008.06.24"]
[SourceVersion "1"]
[SourceVersionDate "2008.06.24"]
[SourceQuality "1"]

1. d4 Nf6 2. Nc3 g6 3. Nf3 d5 4. e3 Bg7 5. Bd3 Nc6 6. h3 Nb4 7. Bb5+ c6 8. Be2 Bf5 9. Bd3 Nxd3+ 10. cxd3 0-0 11. 0-0 Rc8 12. Na4 Nd7 13. b4 e5 14. Nc5 Nxc5 15. bxc5 e4 16. Ne5 b5 17. g4 Be6 18. dxe4 dxe4 19. Bb2 f6 20. Nxg6 hxg6 21. f3 exf3 22. Qxf3 f5 0-1